Faces of power : Alexander's image and Hellenistic politics /

محفوظ في:

المؤلف الرئيسي: Stewart, Andrew F. (مؤلف)

التنسيق: كتاب

اللغة: English

منشور في: Berkeley : University of California Press, 1993.

سلاسل: Hellenistic culture and society ; 11.

الموضوعات:

الوسوم: إضافة وسم

لا توجد وسوم, كن أول من يضع وسما على هذه التسجيلة!

رقم الطلب: DF234.5 .S74 1993

LEADER 02761namaa2200325 4500
001 12229
003 OSt
005 20240922105233.0
008 130303s1993 cauabf b 001 0 eng d
952 |0 0  |1 0  |2 lcc  |4 0  |6 DF02345 S74 01993  |7 1  |9 58134  |a ARCE  |b ARCE  |d 2023-12-18  |l 0  |o DF234.5 .S74 1993  |p 1011746  |r 2023-12-18 00:00:00  |w 2023-12-18  |y BK 
999 |c 10692  |d 10692 
010 |a 92010205 
020 |a 0520068513 
040 |c ARCE Library 
043 |a e-gr--- 
050 4 |a DF234.5 .S74 1993 
100 1 |a Stewart, Andrew F.,  |e author 
245 1 0 |a Faces of power :  |b Alexander's image and Hellenistic politics /  |c Andrew Stewart. 
264 1 |a Berkeley :  |b University of California Press,   |c 1993. 
300 |a xxxvii, 507 pages, 76 pages of plates :  |b illustrations, maps ;  |c 26 cm. 
490 1 |a Hellenistic culture and society ;   |v 11. 
504 |a Includes bibliographical references and index. 
505 0 |a I. Approaching Alexander. 1. Texts. 1. Histories. 2. The Portraits: Testimonia. 2. Images. 1. Survivors. 2. Synthesis. 3. Approaches. 3. Alexander: An Encounter. 1. A Meeting in Kilikia. 2. Personal. 3. New Achilles. 4. King Alexander. 5. God Invincible? II. King and Conqueror. 4. Masks of Youth. 1. Youth and Rejuvenation. 2. Attic and Lysippic. 3. Progeny. 4. King and Polis. 5. Charges to Remember. 1. In Memoriam. 2. The Alexander Mosaic: A Reading. 3. Apulian Echoes. 6. Spear-won Land. 1. Unifying Images. 2. Alexander Doryphoros. 3. Chameleon King. 4. Make War, Not Love. 7. On Loan from Olympos. 1. A Revocable Gift. 2. The Heritage of Apelles. 3. Enigma in Malibu. 4. Death and Transfiguration III. Survivors and Successors. 8. Imperial Egypt. 1. A Regional Hegemony? 2. Alexandreion Ptolemaiou. 3. Blessed Patron, Blessed City. 4. Alexandrian Carnival. 5. Alexander's Image and Ptolemaic Policy. 9. Images of Insecurity. 1. "Alexander and Victory" 2. Crusade in Africa. 3. A Soldier's Return. 4. Macedonia and Greece: Kassandros to Gonatas. 10. Asian Figurehead. 1. Two Vassals. 2. The Cities of Asia. 3. Antigonos, Demetrios, Seleukos, and Lysimachos. Epilogue: Resurrections App. 1. Alexander's Personal Appearance App. 2. The Hellenistic and Roman Republican Portraits: Literary and Epigraphical Testimonia App. 3. Cults of Alexander App. 4. Preserved Alexander Portraits Discussed in the Text App. 5. The Getty Fragments: A Catalogue App. 6. Hephaistion App. 7. Alexander and the Successors: A Chronology (336-275 B.C.).  
555 |a .alaa-sweed 
600 0 0 |a Alexander,  |c the Great,  |d 356 B.C.-323 B.C.  |x Art. 
650 0 |a Portraits, Hellenistic 
651 0 |a Greece  |x Politics and government  |y To 146 B.C. 
830 0 |a Hellenistic culture and society ;   |v 11. 
901 |a reviewed 
942 |c BK  |2 lcc